LEADER 01117nam a2200253 4500 001 000000353649 003 CaOOAMICUS 005 20230505153111.0 008 230505s2015 it 000 u ita r 020 $a978-88-575-3251-6 040 $aSeMil$bita 100 1 $aPannofino, Nicola,$d<1975- >.$0(OLS)http://semarc/name/117119 245 10$aIrreligioni :$bl'invenzione del sacro al tempo del consumismo /$cNicola Pannofino. 264 1$aMilano ;$aUdine :$bMimesis,$c2015. 300 $a235 p. ;$c21 cm 490 1 $aMimesis. Filosofie dell'economia ;$v3 650 4$aSincretismo.$0(OLS)http://semarc/subject/9078 830 0$aMimesis. Filosofie dell'economia ;$v3.$0(OLS)http://semarc/title/443753 850 $aSeMil 852 $aSeMil$W1$xVenegono$y1$m3M II 364$j240040$B244877$CSeMilBibl$Z2$F244877 $81 996 $6020$a978-88-575-3251-6$9(OLS)http://semarc/number/298075 996 $6245$aIrreligioni :$bl'invenzione del sacro al tempo del consumismo$9(OLS)http://semarc/title/443752 996 $6264$aMilano ;$aUdine :$bMimesis$9(OLS)http://semarc/publisher/39598 LEADER 00945nam a2200241 i 4500 001 000000045869 003 CaOOAMICUS 005 20070523000000.0 008 070523s1993 it u000 u ita u 013 $a17039 020 $a88-7768-198-5 040 $aSeMil$bita 100 1 $aAuden, Wystan H. <1907-1973>.$0(OLS)http://semarc/name/22797 245 10$aLettere dall'Islanda /$cW.H. Auden ; a cura di Aurora Ciliberti. 260 $aMilano :$bRosellina Archinto,$ccopyr. 1993. 300 $a111 p. ;$c20 cm. 700 1 $aCiliberti, Aurora.$0(OLS)http://semarc/name/22798 850 $aSeMil 852 $aSeMil$W1$xVenegono$y1$m1O III 38$j12024$B12024$CSeMilBibl$Z2$F12024 $81 961 $aOmaggio: Poma mons. Gianfranco 996 $6020$a88-7768-198-5$9(OLS)http://semarc/number/18220 996 $6245$aLettere dall'Islanda$9(OLS)http://semarc/title/68389 996 $6260$aMilano :$bRosellina Archinto$9(OLS)http://semarc/publisher/34455